000 00430pab a2200157 454500
008 180718b2000 xxu||||| |||| 00| 0 eng d
100 _aVaradarajan, Dhulasi Birundha
245 _aHealth status in Tamil Nadu
260 _c2000
300 _ap.24-31
650 _aHealth services - India - Tamil Nadu
650 _aHealth services
700 _aDeivamani, K.
773 _aIndian Journal of Regional Science
909 _a47680
999 _c47680
_d47680